[Event "Final GP Rapid TOP 16 2019"]
[Site "Khanty-Mansijsk"]
[Date "2019.12.02"]
[Round "6.7"]
[White "Shimanov, Aleksandr"]
[Black "Maltsevskaya, Aleksandra"]
[Result "1-0"]
[WhiteElo "2587"]
[BlackElo "2332"]
[Annotator "TA"]
[PlyCount "73"]
[EventDate "2019.12.01"]
[EventType "tourn"]
[EventCountry "RUS"]
[SourceTitle "playchess.com"]
[Source "ChessBase"]
[SourceQuality "1"]

{[%evp 14,73,17,14,27,23,27,18,22,17,20,-23,15,4,2,23,30,30,53,46,44,39,38,27,22,22,60,56,61,52,73,57,78,71,110,116,95,116,114,121,120,108,188,0,467,470,611,598,1017,1050,1207,1223,5685,5396,2421,2861,3029,2553,29989,29990,29990,29991]} 1. d4 Nf6 2. Bg5 Ne4 3. Bf4 c5 4. f3 Qa5+ 5. c3 Nf6 6. Nd2 cxd4 7. Nb3 Qd8 8. cxd4 d5 {A45: Trompowsky Attack} (8... e6 9. e4 Nc6 10. Ne2 d5 11. Nc3 dxe4 12. fxe4 Bb4 13. Bd3 e5 14. dxe5 Nh5 15. Be3 Bg4 16. Be2 {½-½ (47) Jobava,B (2705)-Ragger,M (2659) Germany 2018}) 9. e3 e6 10. Bd3 Bb4+ {The position is equal.} 11. Kf2 Nc6 12. g4 O-O (12... g5 $5 13. Bg3 h5 $11) 13. a3 Bd6 14. Bxd6 Qxd6 15. g5 Nh5 $146 ({Predecessor:} 15... Nd7 16. f4 {1-0 (29) Lapcevic,M (2309)-Nestorovic,N (2353) Herceg Novi 2006}) 16. f4 $1 $36 {[%mdl 2048] White has good play.} g6 17. Nf3 Bd7 18. Qd2 f6 19. gxf6 $1 Rxf6 {[%cal Rh5f4]} 20. Ke2 Raf8 {[%cal Rh5f4] [#] aiming for ...Nxf4+!} 21. Raf1 b6 22. Rhg1 Qe7 23. Ne5 Nxe5 24. dxe5 R6f7 25. Nd4 Kh8 26. Qb4 Qh4 27. Nf3 Qh3 {[#]} (27... Qd8 $16) 28. Qd6 $2 (28. Ng5 $1 $18 {[%cal Rg5h3]} Qxh2+ 29. Kd1) 28... Nxf4+ $2 {[%mdl 8192]} ({Avoid the trap} 28... Rxf4 $2 29. exf4 Rf7 30. f5 $18) (28... d4 $1 $11 {and Black stays safe.} 29. Nxd4 (29. Qxd4 Bc6 $17) 29... Qxh2+ 30. Ke1 Qxb2) 29. exf4 $18 Rxf4 30. Rg3 Qh5 31. Qxd7 Rh4 32. Rf2 Re4+ 33. Bxe4 dxe4 34. Qxe6 exf3+ 35. Rgxf3 Rxf3 36. Rxf3 Qxh2+ 37. Kd3 {Accuracy: White = 74%, Black = 23%.} 1-0

[Event "Final GP Rapid TOP 16 2019"]
[Site "Khanty-Mansijsk"]
[Date "2019.12.02"]
[Round "6.8"]
[White "Tsydypov, Zhamsaran"]
[Black "Murzin, Volodar"]
[Result "0-1"]
[WhiteElo "2553"]
[BlackElo "2429"]
[Annotator "TA"]
[PlyCount "134"]
[EventDate "2019.12.01"]
[EventType "tourn"]
[EventCountry "RUS"]
[SourceTitle "playchess.com"]
[Source "ChessBase"]
[SourceQuality "1"]

{[%evp 15,134,23,29,24,24,0,-14,-14,0,0,0,0,0,0,0,0,0,8,27,-9,-7,0,0,0,13,0,0,0,0,-10,70,66,58,45,34,20,59,51,71,74,62,47,66,-9,-12,-52,-52,-52,-52,-52,-54,-52,-52,-57,-67,-72,-68,-72,-72,-166,-79,-77,-67,-74,-63,-67,-53,-53,-53,-58,-37,-37,-52,-52,0,-52,-41,-41,-41,-276,-270,-276,-267,-276,-275,-278,-241,-365,-266,-273,-245,-510,-506,-1082,-1059,-741,-479,-779,-774,-29961,-29964,-29949,-12843,-29955,-29955,-29983,-29984,-29982,-29983,-29985,-29986,-29986,-29987,-29987,-29988,-29988,-29987,-29987,-29988,-29988,-29989]} 1. c4 c6 2. d4 d5 3. Nf3 Nf6 4. Nc3 a6 5. b3 e6 6. e3 Bb4 7. Bd2 O-O 8. Bd3 Nbd7 9. O-O {D45: Semi-Slav: 5 e3} Bd6 10. e4 {Strongly threatening e5.} (10. Re1 h6 11. e4 dxc4 12. bxc4 e5 13. c5 Bc7 14. Qc2 exd4 15. Ne2 Re8 16. Rad1 Qe7 {1-0 (52) Wojtaszek,R (2737)-Fridman,D (2638) Dortmund 2019}) 10... dxc4 11. bxc4 {The position is equal.} e5 $1 12. d5 cxd5 13. Nxd5 Nxd5 14. cxd5 Nc5 15. Be3 {[#]} Nxd3 $146 ({Predecessor:} 15... Qe7 16. Rc1 Bg4 17. Bxc5 Bxc5 {0-1 (44) Mulyar,M (2399)-Ramirez Alvarez,A (2579) Wheeling 2011}) 16. Qxd3 f5 17. exf5 Bxf5 18. Qb3 b5 19. Rac1 Qe7 20. Bc5 {Black must now prevent Bxd6.} Rad8 21. Bxd6 Qxd6 22. Rfd1 Kh8 (22... e4 $11 23. Rc6 Qf4) 23. Rc6 $36 {[%mdl 2048] White is more active.} Qe7 24. Qe3 e4 25. Ne1 Bc8 26. d6 Qf7 27. Rd2 Rd7 28. h3 Bb7 29. Rc5 ({White should play} 29. Rb6 $14) 29... Rfd8 $11 30. Qc3 h6 ({But not} 30... Rxd6 $2 31. Rxd6 Rxd6 32. Rc7 $18) 31. Nc2 Rxd6 32. Rxd6 Rxd6 33. Ne3 Qf6 34. Qc1 Rc6 35. Rxc6 Bxc6 36. Qc5 Bd7 37. Qd5 {[#]} (37. a3 $17 {was worth a try.}) 37... Qe6 (37... Be6 $1 $19 {[%cal Re6d5] is more deadly.} 38. Qa8+ Bg8) 38. Qd4 $17 Be8 39. a3 Bf7 40. g4 Bg6 (40... Qf6 {is interesting.} 41. Qc5 Kh7 42. Kg2 Bg8 43. Kg1 Ba2) 41. Qc5 Kh7 42. h4 $1 Qf6 43. h5 Bf7 44. Qc7 Kg8 ({Black should try} 44... Bg8 $15) 45. Qc5 (45. Qc8+ $11 Kh7 46. Qb7) 45... Qg5 46. Qc8+ Kh7 47. Qd7 $2 {[#]} (47. Qxa6 $15 Bxh5 48. Qe6) 47... Bxh5 $1 $19 48. Qe6 a5 49. Qxe4+ Bg6 50. Qd4 Qf6 51. Qc5 (51. Qxf6 {is the only way for White.} gxf6 52. f4) 51... Qa1+ 52. Kg2 Qb2 53. g5 $2 (53. Qe7) 53... h5 54. Kg3 (54. Qd5 $142 b4 55. axb4 axb4 56. Nc4) 54... b4 55. axb4 Qxb4 56. Qc7 (56. Qxb4 $142 axb4 57. f4) 56... a4 {[%cal Ba5a4,Ba4a3][%mdl 32] Threatens to win with ...a3.} 57. Qe5 a3 58. Nd5 Qg4+ 59. Kh2 Qf5 {Black mates.} 60. Nf6+ gxf6 61. Qe7+ {[#]} Kg8 $1 62. Qd8+ {[#]} Kg7 $1 63. Qc7+ Bf7 64. gxf6+ Qxf6 65. Qg3+ Bg6 66. Qc7+ Qf7 67. Qc3+ Kh7 {Accuracy: White = 45%, Black = 73%.} 0-1

[Event "Final GP Rapid TOP 16 2019"]
[Site "Khanty-Mansijsk"]
[Date "2019.12.02"]
[Round "7.1"]
[White "Murzin, Volodar"]
[Black "Ponkratov, Pavel"]
[Result "1/2-1/2"]
[WhiteElo "2429"]
[BlackElo "2619"]
[Annotator "TA"]
[PlyCount "164"]
[EventDate "2019.12.01"]
[EventType "tourn"]
[EventCountry "RUS"]
[SourceTitle "playchess.com"]
[Source "ChessBase"]
[SourceQuality "1"]

{[%evp 17,164,0,0,0,0,0,0,-22,0,0,0,0,0,-31,-16,-15,-12,-24,0,0,0,-34,-32,-44,-43,-38,-29,-62,-71,-65,-40,-71,-64,-53,-51,-105,-106,-117,-117,-112,-111,-139,-112,-131,-137,-139,-67,-156,-94,-281,-137,-140,-137,-173,-37,-42,-18,-41,-5,-41,-41,-40,-27,-27,-18,-19,-20,-22,-18,-23,-15,-16,-14,-31,-8,-11,-14,-35,-4,-64,0,-27,0,0,0,0,0,0,0,0,0,0,0,0,0,0,0,-72,-72,-70,-71,-77,-40,-40,-40,-104,-33,-40,-40,-40,-37,-39,-37,-37,-37,-28,-33,-52,-43,-73,-73,-81,-66,-65,-57,-64,-64,-64,-47,-97,-73,-73,-8,-8,-8,-8,-8,-8,-8,-8,-8,-8,0,0,0,-7,-8,-32,-8]} 1. e4 d6 2. d4 Nc6 3. Nf3 Nf6 4. Nbd2 g6 5. Be2 Bg7 6. O-O O-O 7. c3 Re8 8. Re1 e5 9. dxe5 Nxe5 10. Nxe5 {B07: Pirc Defence: Miscellaneous Systems} Rxe5 11. Bd3 Qe8 12. Nf3 {The position is equal.} Re7 {[%cal Rf6e4]} 13. Bg5 h6 14. Bxf6 Bxf6 15. Qc2 $146 ({Predecessor:} 15. Qd2 Kg7 16. Qf4 Bd7 17. Re3 a5 {½-½ (37) Chase,C (2290)-Foygel,I (2415) Lowell 1993}) 15... Bg7 16. a4 a5 17. Nd4 Bd7 18. Nb5 Qb8 19. Re2 c6 20. Nd4 Qa7 21. Nb3 Rae8 22. Kh1 d5 23. Rae1 Qb6 24. Nc1 Bg4 25. f3 Bd7 26. exd5 (26. g3 $15) 26... Rxe2 $17 27. Rxe2 cxd5 28. Rxe8+ Bxe8 29. Bf1 d4 30. cxd4 Qxd4 31. b3 Kh7 ({Black should try} 31... Bc6 $17 32. Bc4 Qa1) 32. Nd3 (32. Bd3 $15) 32... Bd7 (32... b5 $142 $1 {[%cal Rb5a4]} 33. axb5 Bxb5) 33. Nf2 $2 (33. Qc5 $17) 33... Bf5 (33... Qe3 $19 34. Nh3 Be6) 34. Bd3 Be6 35. Bc4 {[#]} Qe3 (35... Bxc4 $1 $19 36. bxc4 Qa1+ 37. Qd1 Qa2) 36. Nd3 $1 $15 Bf5 37. Qd1 Bc3 38. Qf1 Kg7 39. Qf2 Qe7 40. g3 Bd7 41. Kg2 Bc6 42. Nf4 Qd6 43. Qe2 Be5 44. Nd3 Bd4 45. Nf2 h5 46. Ne4 Qe5 47. Nd2 Qf5 48. Qd3 (48. Ne4 $11) 48... Qf6 (48... Qxd3 $15 49. Bxd3 f5) 49. Qe2 h4 50. Ne4 Qf5 51. gxh4 Qf4 52. Qd2 Be3 53. Qd6 Qf5 $40 {[%mdl 128] White needs to defend precisely.} 54. Qd3 Bf4 55. Ng3 Qe5 {[#]} 56. h5 $1 {[%mdl 512]} gxh5 57. Qf5 (57. Qd8 $11) 57... Qxf5 $17 58. Nxf5+ {[%mdl 4096] Endgame KBB-KBN} Kf6 59. Nd4 Bd7 60. Ne2 $1 {[%cal Re2f4]} Bd6 61. Nc3 {[#]} (61. f4 $15) 61... Be5 (61... Be6 $1 $17) 62. Ne4+ Ke7 63. Nc5 Bc8 64. Nd3 Bd6 65. f4 b6 66. Kg3 f6 67. h4 Bf5 68. Ne1 Bb4 69. Nf3 Bc3 70. Kf2 $1 Kd6 71. Ke3 Kc5 72. Bf7 Bg4 73. Ke4 f5+ 74. Ke3 Bf6 (74... Bb2 $17 {...Bc1+ is the strong threat.} 75. Be8 Bc1+ 76. Nd2 Kb4) 75. Ne5 $11 {Threatens to win with Nd7+.} Bxh4 76. Nxg4 hxg4 {KB-KB} 77. Be6 Kb4 (77... g3 $5 78. Kf3 $8 Kd4 $11) 78. Bxf5 Kxb3 {White must now prevent ...g3.} 79. Bd7 $1 Bf6 80. Kf2 Bh4+ 81. Kg2 Kb4 82. f5 Kb3 {Accuracy: White = 47%, Black = 42%.} 1/2-1/2

[Event "Final GP Rapid TOP 16 2019"]
[Site "Khanty-Mansijsk"]
[Date "2019.12.02"]
[Round "7.2"]
[White "Maltsevskaya, Aleksandra"]
[Black "Tsydypov, Zhamsaran"]
[Result "0-1"]
[WhiteElo "2332"]
[BlackElo "2553"]
[Annotator "TA"]
[PlyCount "82"]
[EventDate "2019.12.01"]
[EventType "tourn"]
[EventCountry "RUS"]
[SourceTitle "playchess.com"]
[Source "ChessBase"]
[SourceQuality "1"]

{[%evp 15,233,12,42,39,55,48,42,40,49,65,54,55,50,48,61,35,57,54,43,52,153,34,228,243,231,232,295,294,186,27,488,487,964,70,67,71,166,152,177,140,147,146,138,139,139,130,131,142,152,122,323,304,285,180,193,10,16,0,0,15,200,175,168,161,162,162,154,155,201,167,203,208,203,200,218,227,188,0,62,62,191,175,251,62,239,259,251,244,267,162,141,-1373,0,0,0,0,0,-60,-79,-75,-72,-12850,-12851,-12851,-12851,-12851,-12851,-12851,-12851,-12851,-12851,-12851,-12851,-12851,-12851,-12851,-12851,-12851,-12851,-12851,-12851,-12851,-27999,-12851,-27999,-12851,-12851,-12851,-12851,-12851,-12851,-12851,-12851,-12851,-12851,-12851,-12851,-12851,-12851,-12851,-12851,-12851,-12851,-12851,-27999,-12851,-12851,-12851,-27999,-12851,-27999,-27977,-27978,-27978,-27979,-27979,-27980,-27980,-27981,-27981,-27981,-27981,-27981,-27983,-27983,-27983,-27983,-27985,-27983,-27983,-27984,-27987,-27988,-27988,-27989,-27989,-27989,-27989,-27989,-27990,-27989,-27989,-27990,-27990,-27989,-27989,-27989,-27989,-27990,-27991,-27989,-27989,-27990,-27990,-27990,-27990,-27991,-27991,-27991,-27991,-27992,-27992,-27991,-27994,-27995,-27995,-27994,-27994,-27995,-27995,-27996,-27996,-27997,-27997,-27998,-27998,-27999,-27999,-27999,-27999]} 1. e4 c5 2. Nf3 d6 3. d4 cxd4 4. Nxd4 Nf6 5. Nc3 a6 6. h3 e6 7. g4 h6 8. Bg2 g5 9. Qe2 {B81: Sicilian Scheveningen: Keres Attack} Nbd7 10. Be3 Ne5 11. O-O-O {White is slightly better.} Bd7 (11... Nfd7 12. h4 Rg8 13. hxg5 hxg5 14. Kb1 b5 15. f4 gxf4 16. Bxf4 Bb7 {½-½ (56) Karjakin,S (2773)-Mamedyarov,S (2801) Saint Louis 2018}) 12. f4 gxf4 13. Bxf4 Rc8 14. Kb1 b5 {[#]} 15. Rhe1 $146 ({Predecessor:} 15. Qf2 Be7 16. Nce2 Nc4 17. Bc1 b4 {½-½ (69) Mekhitarian,K (2504)-Fier,A (2558) Vlissingen 2008}) 15... Bg7 {With the idea ...b4.} 16. a3 Rxc3 17. bxc3 Nc4 (17... Qc7 $1 $14) 18. Nb3 (18. Bxd6 $16 Nxd6 19. e5 {[%mdl 64] Double Attack}) 18... Qb6 $2 (18... e5 $14 19. Bc1 Qb6) 19. e5 $18 dxe5 20. Bxe5 Nxa3+ 21. Ka2 Nc4 22. Rf1 $2 (22. Bd4 $1 $18 {[%cal Rd4b6]} Qd8 23. Kb1) 22... Nxe5 $4 {[%mdl 8192]} (22... Qe3 $11 23. Qxe3 Nxe3) 23. Qxe5 Ke7 (23... Qd8 $142 24. Qd6 Bf8 25. Qxa6 Bg7) 24. Qc5+ $2 (24. Nd4 $18 Kf8 25. Rxf6) 24... Qxc5 $14 25. Nxc5 Bc8 (25... Bc6 $16 26. Bxc6 Rc8) 26. Kb3 $18 Ne8 27. Ra1 $36 {[%mdl 2048] Keeping Black busy.} Nd6 28. Nxa6 Bd7 29. Nc5 Rc8 30. Kb4 Rc7 31. Rfd1 Bc8 32. Ra8 Nc4 $2 (32... Bxc3+ $16 33. Kxc3 Rxc5+ 34. Kb3 e5) 33. Rda1 ({Don't take} 33. Kxb5 $6 Ne3 $18) 33... Kd6 {intending ...Ne3.} 34. Ne4+ Ke5 35. R1a7 $2 ({White should play} 35. Kxb5 $18 Bf8 36. Re1) 35... Bf8+ $1 $11 36. Kb3 Rxa7 37. Rxa7 f5 $2 (37... Bb7 $1 $11 {and Black has nothing to worry.}) 38. gxf5 exf5 39. Nf2 $1 Be6 {Threatens to win with ...Ne3+.} 40. Nd3+ Kf6 {Hoping for ...Ne3+.} 41. Nf4 Bd6 {Played: Nc4-d2} 0-1

[Event "Final GP Rapid TOP 16 2019"]
[Site "Khanty-Mansijsk"]
[Date "2019.12.02"]
[Round "7.3"]
[White "Voit, Daria"]
[Black "Shimanov, Aleksandr"]
[Result "0-1"]
[WhiteElo "2336"]
[BlackElo "2587"]
[Annotator "TA"]
[PlyCount "78"]
[EventDate "2019.12.01"]
[EventType "tourn"]
[EventCountry "RUS"]
[SourceTitle "playchess.com"]
[Source "ChessBase"]
[SourceQuality "1"]

{[%evp 9,78,31,33,28,52,52,52,52,50,50,50,32,72,33,35,37,36,8,0,0,45,17,17,17,22,0,0,0,18,0,0,-31,-21,-22,-25,-302,-308,-296,-309,-878,-878,-863,-850,-860,-859,-840,-858,-812,-583,-771,-791,-757,-455,-453,-433,-434,-417,-389,-258,-287,-183,-183,-181,-171,-179,-331,-341,-341,-330,-423,-423]} 1. d4 d6 2. Nf3 g6 3. c4 Nf6 4. Nc3 Bf5 5. Qb3 b6 6. h3 {E61: King's Indian: Early deviations for White, including Smyslov System} (6. g3 Nc6 7. Bg2 Bg7 8. Qd1 O-O 9. d5 Na5 10. Nd4 Bd7 11. b3 e5 12. Nc2 Re8 13. Rb1 {1-0 (47) Duda,J (2738)-Moussard,J (2605) chess.com INT 2019}) 6... c5 7. g4 Bd7 8. d5 {White is slightly better.} Bg7 9. Bg2 $146 ({Predecessor:} 9. e4 e5 10. Be3 a5 11. a3 Na6 12. Nd2 O-O 13. Be2 {½-½ (63) Vinchev,S (2382)-Saviano,C (2288) ICCF email 2012}) 9... Na6 10. O-O Nc7 11. a4 O-O 12. e4 e5 13. Ne1 h5 14. f3 Qe7 15. Nd3 hxg4 16. fxg4 {With the idea Bg5.} Nh7 17. Ne2 Bf6 18. Bh6 Rfb8 19. Bd2 Bg5 20. Qc2 Kg7 21. b3 Rh8 22. Bc3 $2 {[%mdl 8192]} (22. Rf3 $11) 22... Be3+ $19 23. Nf2 Ng5 24. Qd3 $2 (24. Kh2 Bxf2 25. Rxf2) 24... Nxh3+ 25. Bxh3 Rxh3 26. Kg2 {[#]} Qh4 $1 {[%mdl 512]} 27. Nxh3 Qxg4+ 28. Ng3 Qxh3+ 29. Kf3 Bf4 {( -> ...Bg4+)} 30. Rg1 Ne8 31. Raf1 Nf6 32. Ke2 Bg4+ 33. Ke1 Qh4 {[#] ...Nh5 is the strong threat.} 34. Rf2 Bxg3 $40 {[%mdl 128] Black has strong attack.} 35. Qxg3 Qxg3 36. Rxg3 {White wants to play Rxf6!} Bh5 ({Resist} 36... Nxe4 37. Rxg4 Nxf2 38. Kxf2 $15) 37. Rfg2 $2 (37. Rxf6 Kxf6 38. Bd2) 37... Nxe4 38. Rh3 Rh8 39. Bd2 f5 {Accuracy: White = 42%, Black = 65%.} 0-1

[Event "Final GP Rapid TOP 16 2019"]
[Site "Khanty-Mansijsk"]
[Date "2019.12.02"]
[Round "7.4"]
[White "Nesterov, Arseniy"]
[Black "Potapov, Pavel"]
[Result "0-1"]
[WhiteElo "2489"]
[BlackElo "2489"]
[Annotator "TA"]
[PlyCount "108"]
[EventDate "2019.12.01"]
[EventType "tourn"]
[EventCountry "RUS"]
[SourceTitle "playchess.com"]
[Source "ChessBase"]
[SourceQuality "1"]

{[%evp 17,108,29,31,30,23,25,40,31,27,29,38,23,25,25,50,-35,47,55,62,68,153,151,180,118,97,102,149,146,199,30,60,38,18,27,23,16,66,12,50,2,2,2,17,16,17,-54,-51,-54,-44,-54,0,-111,-54,-128,-146,-145,0,-428,-427,-427,-427,-427,-420,-659,-612,-850,-742,-29991,-748,-748,-734,-734,-734,-734,-734,-734,-416,-961,-916,-12587,-6429,-6429,-6403,-6403,-6331,-6299,-6241,-6203,-6079,-29956,-1042,-29963,-29961]} 1. d4 Nf6 2. c4 e6 3. Nf3 b6 4. a3 Bb7 5. Nc3 d5 6. cxd5 exd5 7. Bf4 Be7 8. e3 O-O 9. Bd3 c5 10. O-O {E12: Queen's Indian: Unusual White 4th moves, 4 a3, 4 Nc3 Bb7 5 a3 and 4 Nc3 Bb7} (10. h3 Nbd7 11. O-O Ne4 12. Qc2 Rc8 13. Rfd1 Ndf6 14. dxc5 Nxc3 15. bxc3 Rxc5 16. Be5 g6 17. a4 Nd7 {½-½ (54) Moiseenko,A (2663)-Neverov,V (2498) Gjakova 2016}) 10... Nbd7 11. Qc2 c4 12. Bf5 $146 {White is slightly better.} ({Predecessor:} 12. Be2 a6 13. Nd2 b5 14. Bf3 Bc6 15. Rfe1 Nb6 {½-½ (36) Fisher,R (1787)-Sivarajasingam,S (1441) Gatwick 2013}) 12... a6 13. Ne5 g6 14. Bh3 Re8 15. Rad1 b5 16. g4 (16. Bg5 $14) 16... Nf8 (16... Ne4 $15) 17. Bg2 $1 $14 Ne6 18. Bg3 Bd6 (18... Nc7 $14) 19. f4 $1 $16 Nc7 20. g5 (20. Bh4 $1 $18) 20... Nh5 21. Bf3 Bxe5 22. dxe5 {Strongly threatening Bxh5.} Ng7 {[#]} (22... Nxg3 $16 23. hxg3 Qe7) 23. Bf2 $2 (23. Ne4 $1 $18 {[%mdl 512]}) 23... Qc8 $11 24. e4 dxe4 $1 25. Nxe4 Bxe4 26. Qxe4 {With the idea Qc6.} Nf5 27. Bg4 ({Better is} 27. Rd2 $14) 27... Qe6 28. Rd2 {Threatening Rfd1.} Rad8 29. Rfd1 Rxd2 30. Rxd2 Qc8 31. Bb6 (31. Be3 $11) 31... Ne6 $1 $15 32. Bxf5 gxf5 33. Qxf5 Qc6 (33... c3 $1 $15 34. bxc3 Qxc3 {[%mdl 64] Double Attack}) 34. Bf2 (34. Ba5 $1 $11 {remains equal.}) 34... Qf3 ({Black should play} 34... c3 $1 $17 {[%cal Rc3d2]} 35. bxc3 Qxc3 {[%mdl 64] Double Attack}) 35. Rd7 ({White should try} 35. Bg3 $1 $15) 35... Rf8 $1 $17 36. Bg3 Nc5 $40 {[%mdl 128] Black mounts an attack.} (36... Qe3+ $17 37. Kf1 Qc1+ 38. Be1 Nxf4) 37. e6 $2 {[%mdl 8192]} (37. Rd6 $1 $11) 37... Nxd7 $19 38. exd7 {[%mdl 4096] Endgame KQR-KQB} Qd1+ 39. Kg2 Rd8 40. Qe5 (40. Bf2 $142) 40... Qxd7 41. Qf6 Qd5+ 42. Kf2 Qd4+ (42... Qd2+ $142 43. Kf1 Qd1+ 44. Be1 Rd2 45. Qd8+ Rxd8 46. Kg2 Qxe1 47. Kh3 Rd3+ 48. Kg4 Qe2+ $1 {[%mdl 576] Double Attack} 49. Kh4 Qxh2+ {[%mdl 64] Double Attack} 50. Kg4 Qh3#) 43. Qxd4 Rxd4 {KR-KB} 44. Ke2 Rd3 45. Be1 Kg7 46. f5 Rd5 47. f6+ (47. Bc3+ $142 Kf8 48. Kf3) 47... Kg6 48. h4 h6 49. gxh6 Kxh6 50. Bc3 Kh5 51. Ke3 Kxh4 52. Ke4 Rd3 53. Bd4 {[#]} Kg5 (53... Rxd4+ $142 $1 54. Kxd4 Kg5 55. Ke5 Kg6 56. Ke4 Kxf6 57. Kf4 Kg6 58. Kg4 f5+ 59. Kf4 a5 60. Ke3 Kg5 61. Kd4 f4 62. a4 f3 63. axb5 f2 64. Kd5 f1=Q 65. b6 Qg2+ 66. Kxc4 Qxb2 67. Kc5 a4 68. Kc6 a3 69. Kd5 Qxb6 70. Ke4 a2 71. Kf3 a1=Q 72. Ke2 Qc6 73. Kd3 Qac3+ 74. Ke2 Q6f3#) 54. Kd5 {[#]} Rxd4+ $1 {Accuracy: White = 29%, Black = 55%.} 0-1

[Event "Final GP Rapid TOP 16 2019"]
[Site "Khanty-Mansijsk"]
[Date "2019.12.02"]
[Round "7.5"]
[White "Pridorozhni, Aleksei"]
[Black "Morozevich, Alexander"]
[Result "1-0"]
[WhiteElo "2602"]
[BlackElo "2659"]
[Annotator "TA"]
[PlyCount "86"]
[EventDate "2019.12.01"]
[EventType "tourn"]
[EventCountry "RUS"]
[SourceTitle "playchess.com"]
[Source "ChessBase"]
[SourceQuality "1"]

{[%evp 9,86,-36,-31,-133,-97,-111,-73,-162,-154,-159,-156,-156,-158,-156,-132,-221,-218,-214,-222,-219,-210,-212,-208,-243,-226,-256,-268,-276,-170,-175,-164,-304,-244,-373,-398,-406,-268,-258,-259,-244,-192,-196,-137,-234,-42,-56,-47,-43,-56,-47,-60,-49,0,0,0,0,0,0,0,-18,-27,-27,-24,-55,-64,-243,-117,-194,80,68,76,76,4858,4304,1620,1241,1165,1161,1031]} 1. e4 e5 2. f4 exf4 3. Bc4 Nf6 4. Nc3 c6 5. Bb3 d5 6. e5 {C33: King's Gambit Accepted: 3 Nc3 and 3 Bc4} (6. exd5 $1 $15 cxd5 7. d4) (6. exd5 Nxd5 7. Nf3 Nxc3 8. bxc3 Bd6 9. O-O O-O 10. d4 Bg4 11. Qd3 Nd7 12. Nd2 Qe7 13. Qe4 Qf6 14. Nc4 {0-1 (46) Morozevich,A (2665)-Anand,V (2776) Moscow 2018}) 6... Bg4 7. Nf3 Ne4 8. Qe2 $146 (8. d3 $17 Bxf3 9. Qxf3 Qh4+ 10. g3 fxg3 11. hxg3 Qxg3+ 12. Qxg3 Nxg3 13. Rh3) ({Predecessor:} 8. O-O Nd7 9. d4 Nxc3 10. bxc3 g5 11. Qd3 Be7 12. a4 a5 {1-0 (34) Snellingen,J (2039)-Dyrnes,J (1823) Oslo 2015}) 8... Ng5 $19 9. d4 Bxf3 10. gxf3 Ne6 $36 {[%mdl 2048] Keeping White busy.} 11. Qf2 f6 12. Bd2 (12. exf6 $17 {is a better defense.} Qxf6 13. Ne2) 12... fxe5 $1 13. Ne2 a5 14. a3 Bd6 15. O-O-O Nd7 16. Rhe1 O-O 17. c4 Qb6 {[%mdl 64] Double Attack} 18. Ba2 exd4 19. cxd5 cxd5 20. Kb1 (20. Bxd5 $142 Qc5+ 21. Nc3 dxc3 22. Bxe6+ Kh8 23. Qxc5 cxb2+ 24. Kxb2 Nxc5 25. Ka2) 20... Bxa3 {[%csl Ga3][%cal Rb6b2] [#]} 21. Bc1 (21. Bc3 $142 $1 {[%mdl 512]} dxc3 {[%mdl 64] Discovered Attack} 22. Qxb6 c2+ 23. Kxc2 Nxb6 24. bxa3) 21... Bb4 22. Rg1 d3 23. Qxb6 Nxb6 24. Rxd3 Rad8 25. Rg4 g5 ({Black should play} 25... h5 $19 26. Rg2 Rf6) 26. h4 (26. Nd4 $17 Kf7 27. Nxe6 Kxe6 28. Rxg5) 26... h6 $2 ({Better is} 26... h5 $1 $19 {[%cal Rh5g4]} 27. Rg1 Bc5) 27. hxg5 $15 hxg5 {[#] aiming for ...Kf7.} 28. Nxf4 $1 {[%mdl 512]} Nxf4 29. Rxg5+ Kh7 30. Rd1 {Intending Rh1+ and mate.} Rd6 {And now ...Rg6 would win.} 31. Ka1 Rh6 32. Bb1+ Kh8 {Threatens to win with ...Ne2.} 33. Be3 $1 {[%cal Re3d4] Bd4+ would kill now.} Nd7 34. Bd4+ Nf6 35. Rdg1 {White threatens Bxf6+ and mate.} Be7 36. Re5 Bd8 $1 {Hoping for ...Rh4.} 37. Rgg5 $2 (37. Be3 $1 $15) 37... Rg8 {[#]} (37... Rh4 $19 {and Black stays clearly on top. ...Ne6! is the strong threat.} 38. Rg1 Ne6 $1 {[%mdl 512]}) 38. Rgf5 (38. Rg4 $1 $17 {[%mdl 512]} Rxg4 (38... Nxg4 39. Re7+) 39. fxg4) 38... Ng6 $2 ({Black should try} 38... Rh4 $19 {Strongly threatening ...Ne6!} 39. Re1 Ng2 {[%mdl 64] Discovered Attack} 40. Rxf6 Rxd4 41. Rh6+ Kg7 42. Rg6+ Kf7 43. Rxg8 Nxe1 44. Rxd8 Ke7) 39. Rxd5 $1 $16 Nh4 40. Rh5 Kg7 $2 {[%mdl 8192]} (40... Rxh5 $16 41. Rxh5+ Kg7) 41. Rd7+ $18 {[%mdl 64] Double Attack. White is clearly winning.} Kf8 42. Rxd8+ Kf7 43. Rxh6 Rxd8 {Accuracy: White = 44%, Black = 50%.} 1-0